| 000 | 00000nas 2200000za 4500 |
| 001 | 9.504694 |
| 003 | CaOODSP |
| 005 | 20210615082323 |
| 007 | cr ||||||||||| |
| 008 | 150406d20042004xxc|| m o||||f| |0eng|d |
| 040 | |aCaOODSP|beng |
| 043 | |an-cn--- |
| 086 | 1 |aBT31-2/2004-IIIE-PDF |
| 110 | 1 |aCanada. |bTreasury Board. |
| 245 | 10|a2003-2004 estimates. Part III, report on plans and priorities |h[electronic resource] |
| 260 | |aOttawa - Ontario : |bTreasury Board of Canada Secretariat |
| 520 | 3 |aReports on Plans and Priorities (RPPs) are individual expenditure plans for each department and agency (excluding Crown corporations) for the 2003-2004 fiscal year. These reports contain information on the department's objectives, initiatives and planned results, including links to related resource requirements over a three-year period. The RRP also provides details on human resource requirements, major capital projects, grants and contributions, and net program costs. |
| 690 | 07|aBudgets|2gcpds |
| 690 | 07|aEstimates|2gcpds |
| 775 | 08|tBudget des dépenses 2003-2004. Partie III, rapport sur les plans et les priorités |w(CaOODSP)9.501106 |
| 776 | 0#|tBudget des dépenses 2003-2004, partie III: rapport sur les plans et les priorités |w(CaOODSP)9.510821 |
| 776 | 0#|t2003-2004 estimates, part III: report on plans and priorities |w(CaOODSP)9.510820 |